00647nam a2200157Ia 4500999001700000082001200017100001800029245009100047260006000138300000800198504002600206650005800232650003600290942001200326952015100338 c21865d21865 aRE.0016 aEswaraiah, G. 0aStudy on the social mobility of the rural scheduled caste population in Andhra Pradesh c0bIndian Council of Social Science Research, New Delhi a118 aincludes bibliography aScheduled castes and scheduled tribeszAndhra Pradesh aSocial mobilityzAndhra Pradesh cRP2ddc 001040718IRPaNASSDOCbNASSDOCd2008-04-02eGifted by : R P Division, ICSSRi2008-03-20l0oRE.0016p44321r2019-04-18 00:00:00w2019-04-18yRP